书目信息 |
| 题名: |
拨乱反正改革创新的光辉文献
|
|
| 作者: | 姜思毅 著 | |
| 分册: | ||
| 出版信息: | 北京 战士出版社 1983 |
|
| 页数: | 100页 | |
| 开本: | 19cm | |
| 丛书名: | ||
| 单 册: | ||
| 中图分类: | D602 | |
| 科图分类: | ||
| 主题词: | 政论--中国 | |
| 电子资源: | ||
| ISBN: | ||
| 000 | 00835nam0 2200253 45 | |
| 001 | 0183005583 | |
| 005 | 20050623154459.5 | |
| 010 | @dCNY0.32 | |
| 091 | @a3185.14 | |
| 100 | @a19950622d1983 em y0chiy0121 ea | |
| 101 | 0 | @achi |
| 102 | @aCN@b110000 | |
| 105 | @ay z 000yy | |
| 200 | 10 | @a拨乱反正改革创新的光辉文献@Abo luan fan zheng gai ji chuang xin de guang hui wen xian@e学习《邓小平文选》辅导报告@EXue Xi《Deng Xiao Ping Wen Xuan》Fu Dao Bao Gao@f姜思毅著@FJiang Si Yi Zhu |
| 210 | @a北京@c战士出版社@d1983 | |
| 215 | @a100页@d19cm | |
| 300 | @a内部发行 | |
| 517 | @a学习《邓小平文选》辅导报告@AXue Xi《Deng Xiao Ping Wen Xuan》Fu Dao Bao Gao | |
| 606 | 0 | @a政论@x中国 |
| 690 | @aD602@v3 | |
| 701 | 0 | @a姜思毅@4著 |
| 801 | 0 | @aCN@b上海图书馆@c20040421 |
| 801 | 2 | @aCN@bNLC@c20040421 |
| 905 | @dD602@e11@f1@b168633 | |
| 拨乱反正改革创新的光辉文献:学习《邓小平文选》辅导报告/姜思毅著.-北京:战士出版社,1983 |
| 100页;19cm |
| 内部发行 |
| ISBN :CNY0.32 |
| ● |
| 相关链接 |
|
|
|
|
正题名:拨乱反正改革创新的光辉文献
索取号:D602/11
 
预约/预借
| 序号 | 登录号 | 条形码 | 馆藏地/架位号 | 状态 | 备注 |
| 1 | 0168629 | 001111166 | 密集书库/ [索取号:D602/11] | 在馆 | |
| 2 | 0168630 | 001111095 | 密集书库/ [索取号:D602/11] | 在馆 | |
| 3 | 0168631 | 000484103 | 密集书库/ [索取号:D602/11] | 在馆 | |
| 4 | 0168632 | 000484087 | 密集书库/ [索取号:D602/11] | 在馆 | |
| 5 | 0168633 | 001111157 | 第一样本阅览室/ [索取号:D602/11] | 在馆 |